Billboard Hot 100 #1 Hits of 2010 - Statistics

General Stats
  • This quiz has been taken 24 times
  • The average score is 32 of 52
Answer Stats
Issue Date #1 Hit Artist % Correct
January 2 Tik Tok Kesha
100%
January 9 Tik Tok Kesha
100%
January 16 Tik Tok Kesha
100%
January 23 Tik Tok Kesha
100%
January 30 Tik Tok Kesha
100%
February 6 Tik Tok Kesha
100%
February 13 Tik Tok Kesha
100%
February 20 Tik Tok Kesha
100%
February 27 Tik Tok Kesha
100%
June 19 California Gurls Katy Perry ft. Snoop Dogg
82%
June 26 California Gurls Katy Perry ft. Snoop Dogg
82%
July 3 California Gurls Katy Perry ft. Snoop Dogg
82%
July 10 California Gurls Katy Perry ft. Snoop Dogg
82%
July 17 California Gurls Katy Perry ft. Snoop Dogg
82%
July 24 California Gurls Katy Perry ft. Snoop Dogg
82%
July 31 Love the Way You Lie Eminem ft. Rihanna
82%
August 7 Love the Way You Lie Eminem ft. Rihanna
82%
August 14 Love the Way You Lie Eminem ft. Rihanna
82%
August 21 Love the Way You Lie Eminem ft. Rihanna
82%
August 28 Love the Way You Lie Eminem ft. Rihanna
82%
September 4 Love the Way You Lie Eminem ft. Rihanna
82%
September 11 Love the Way You Lie Eminem ft. Rihanna
82%
October 30 Like a G6 Far East Movement ft. The Cataracts and Dev
59%
November 6 Like a G6 Far East Movement ft. The Cataracts and Dev
59%
November 27 Like a G6 Far East Movement ft. The Cataracts and Dev
59%
September 18 Teenage Dream Katy Perry
59%
September 25 Teenage Dream Katy Perry
59%
November 20 What's My Name? Rihanna ft. Drake
59%
December 18 Firework Katy Perry
53%
December 25 Firework Katy Perry
53%
May 1 Nothin' on You B.o.B ft. Bruno Mars
47%
May 8 Nothin' on You B.o.B ft. Bruno Mars
47%
March 20 Break Your Heart Taio Cruz ft. Ludacris
41%
October 2 Just the Way You Are Bruno Mars
41%
October 9 Just the Way You Are Bruno Mars
41%
October 16 Just the Way You Are Bruno Mars
41%
October 23 Just the Way You Are Bruno Mars
41%
May 15 OMG Usher ft. will.i.am
41%
May 29 OMG Usher ft. will.i.am
41%
June 5 OMG Usher ft. will.i.am
41%
June 12 OMG Usher ft. will.i.am
41%
May 22 Not Afraid Eminem
35%
December 4 Only Girl (In the World) Rihanna
35%
November 13 We R Who We R Kesha
35%
March 27 Rude Boy Rihanna
29%
April 3 Rude Boy Rihanna
29%
April 10 Rude Boy Rihanna
29%
April 17 Rude Boy Rihanna
29%
April 24 Rude Boy Rihanna
29%
March 6 Imma Be The Black Eyed Peas
24%
March 13 Imma Be The Black Eyed Peas
24%
December 11 Raise Your Glass P!NK
24%
No matching quizzes found
Score Distribution
Percent of People with Each Score
Percentile by Number Answered
Your Score History
You have not taken this quiz